[Event "Serbia-chT2"]
[Site "Belgrade"]
[Date "2003.10.05"]
[Round "9"]
[White "Vucenovic, Lazar"]
[Black "Jovic, Aleksandar"]
[Result "0-1"]
[WhiteElo "2118"]
[BlackElo "2386"]
[PlyCount "92"]
[EventDate "2003.09.27"]
[EventType "team"]
[EventRounds "9"]
[EventCountry "YUG"]
[SourceTitle "CBM 096 Extra"]
[Source "ChessBase"]
[SourceDate "2003.10.22"]
[SourceVersion "2"]
[SourceVersionDate "2003.10.20"]
[SourceQuality "1"]

1. Nf3 b5 2. g3 Bb7 3. Bg2 Nf6 4. 0-0 e6 5. a4 a6 6. axb5 axb5 7. Rxa8 Bxa8 8. d4 c5 9. Bf4 Qb6 10. c4 bxc4 11. Na3 Bd5 12. e4 Nxe4 13. Ne5 cxd4 14. Naxc4 Qa7 15. Re1 Nf6 16. Bxd5 Nxd5 17. Qh5 g6 18. Nxg6 fxg6 19. Qxd5 Be7 20. Nd6+ Bxd6 21. Bxd6 Nc6 22. Kg2 Ne7 23. Qb5 Kf7 24. Qg5 Re8 25. Be5 Rf8 26. Bd6 Re8 27. g4 Qb7+ 28. f3 Qxb2+ 29. Kg3 Qb6 30. Be5 Rf8 31. Ra1 Qc6 32. Rc1 Qd5 33. f4 d3 34. Rb1 Nc6 35. Qh6 Nxe5 36. Qxh7+ Kf6 37. g5+ Kf5 38. Qh3+ Ke4 39. Re1+ Kd4 40. Rxe5 Qb3 41. Qf1 d2+ 42. Kg2 d1Q 43. Qf2+ Kc3 44. Re3+ Kc4 45. Rxb3 Qxb3 46. Qe2+ Kd5 0-1

[Event "Serbia-chT2"]
[Site "Belgrade"]
[Date "2003.10.02"]
[Round "6"]
[White "Cvetkovic, Srdjan"]
[Black "Vucenovic, Lazar"]
[Result "1-0"]
[WhiteElo "2409"]
[BlackElo "2118"]
[PlyCount "87"]
[EventDate "2003.09.27"]
[EventType "team"]
[EventRounds "9"]
[EventCountry "YUG"]
[SourceTitle "CBM 096 Extra"]
[Source "ChessBase"]
[SourceDate "2003.10.22"]
[SourceVersion "2"]
[SourceVersionDate "2003.10.20"]
[SourceQuality "1"]

1. c4 g6 2. e4 Bg7 3. d4 d6 4. Nc3 Nf6 5. Nf3 0-0 6. h3 c5 7. d5 e6 8. Bd3 exd5 9. exd5 Re8+ 10. Be3 Na6 11. 0-0 Nc7 12. a4 Qe7 13. Re1 Qf8 14. Qd2 Bd7 15. Bf4 Rxe1+ 16. Rxe1 Re8 17. Nb5 Bxb5 18. axb5 a6 19. b4 Rxe1+ 20. Qxe1 Nd7 21. bxa6 bxa6 22. b5 axb5 23. Qa5 Qc8 24. Bxd6 Ne8 25. Bf4 b4 26. Bc2 Bf8 27. Ba4 Nef6 28. g4 h6 29. Kg2 Qb7 30. Nd2 g5 31. Qc7 Qa8 32. Bc6 Qa1 33. Bg3 Qd1 34. Nf3 b3 35. Bxd7 Nxd7 36. Qxd7 b2 37. Ne5 Bg7 38. Qxf7+ Kh8 39. Ng6+ Kh7 40. Nf8+ Kh8 41. Be5 Qh1+ 42. Kxh1 b1Q+ 43. Kg2 Qe4+ 44. Qf3 1-0